000 04315cam a22002054a 4500
008 250421t mx ||||| |||| 00| 0 spa d
040 _aTecNM
_bspa
_cTecNM
_erda
041 _aspa
050 0 0 _aHD7260
_bC37
_c2001
100 1 _aÓscar L. Catalán Domínguez
_94453
_eautor
245 0 0 _aProtección civil :/
_bUn Punto De Vista Empresarial
250 _a1 ED
260 3 _aMéxico
_bTrillas
_c2001
300 _a291 pág
_bcuadros e imágenes
_c23 cm
505 _aÍndice de contenido Prefacio ..................................................... 5 Introducción ............................................. 9 Antecedentes ........................................... 11 Cap. 1. Ley de Protección Civil del Distrito Federal .......... 15 Normas preliminares, 16. Atribuciones y política de protección civil, 21. Sistema de protección civil y participación ciudadana, 24. Consejo de protección civil y los consejos delegacionales, 27. De la planeación, 31. Operación de protección civil, 34. Conformación de una cultura de protección civil, 35. Registro de organizaciones civiles, empresas capacitadoras e instructores independientes, 37. Vigilancia y medidas de seguridad, 37. Cap. 2. Reglamento de Protección Civil del Distrito Federal .......... 40 Programas especiales de protección civil, 50. Organizaciones civiles y brigadas vecinales, 51. Capacitación, 54. Los riesgos, 58. La operación de la protección civil, 58. Cooperación y coordinación en caso de alto riesgo, emergencia, siniestro o desastre, 59. Operación de la protección civil en las delegaciones, 60. La comunicación social en la protección civil, 61. De la vigilancia, 62. Sanciones y recurso de inconformidad, 63. Cap. 3. La administración dentro de la protección civil empresarial .......... 64 Planeación, 68. Organización, 68. Integración de personal, 70. Dirección, 70. Control, 73. Cap. 4. Equipo administrativo empresarial de crisis (EAEC) .......... 75 Cap. 5. Conformación del equipo administrativo empresarial de crisis (EAEC) .......... 79 Personal interno de protección civil, 80. Cap. 6. Análisis de los factores de riesgo de incidente .......... 85 Análisis de los factores de riesgo de incidente, 89. Cap. 7. Acopio de información durante una emergencia .......... 101 Secuencia de una emergencia de forma general, 102. Características generales del programa interno de protección civil, 104. Cap. 8. Acciones específicas de las brigadas integrantes del EAEC .......... 108 Brigada contra incendio, 108. Métodos de propagación del fuego, 129. Clasificación del fuego, 130. Clasificación de grado de riesgo de incendio NOM-002-STPS-1993, 131. Métodos para extinción y control del fuego, 133. Cap. 9. Acciones ante emergencias específicas .......... 162 Sismos y terremotos, 162. Cap. 10. Amenaza de bomba .......... 180 Recepción de la información, 182. Evaluación de la situación existente, 183. Rastreo y localización del artefacto explosivo, 183. Retiro del artefacto explosivo, 187. Cap. 11. Huracanes e inundaciones .......... 188 Derrame o fuga de sustancias químicas peligrosas, 192. Anexo 1. Guía de emergencias para el transporte de sustancias químicas .......... 199 Anexo 2. Primeros auxilios .......... 245 Concepto, 247. Análisis de la emergencia, 247. Reconocimiento primario de la víctima, 249. ABC de la evaluación de urgencias (triage), 253. Obstrucción de vías aéreas, 255. Heridas no penetrantes, 256. Heridas penetrantes, 258. Hemorragias, 260. Fracturas, 262. Estado de choque, 264. Intoxicaciones, 266. Quemaduras, 270. Cuerpos extraños, 274. Botiquines, 276. Bibliografía ............................................. 279 Índice analítico ..................................... 281
520 _aEste libro presenta un enfoque empresarial de la protección civil, orientado a la gestión de riesgos, prevención de desastres y organización interna dentro de las empresas. Aborda aspectos normativos, administrativos y operativos para implementar programas de protección civil en el ámbito organizacional.
526 _aIngeniería en Logística
942 _2lcc
_cLIB
_n0
945 _a1257
_bEva María Flores López
_c1257
_dEva María Flores López
999 _c10752
_d10752